[Event "AUTO-MASTER-3238"]
[Site "http://www.queenalice.com/game.php?id=1862810"]
[Date "2025.9.10"]
[Round "2"]
[White "Rafale2000"]
[Black "CCapivara"]
[Result "0-1"]
[WhiteElo "1902"]
[BlackElo "2276"]

1. e4 d6 2. d4 Nf6 3. Nc3 c6 4. g3 Bg4 5. Nf3 Nbd7 6. Bg2 e5 7. h3 Bh5 8. g4 Bg6
9. Bg5 Be7 10. O-O h5 11. dxe5 dxe5 12. Bxf6 gxf6 13. Nd2 hxg4 14. Qxg4 Qb6 15.
Nc4 Qc7 16. a3 O-O-O 17. b4 Rdg8 18. Qe2 f5 19. exf5 Bxf5 20. Kh2 e4+ 21. Kh1
Bxh3 0-1

[Event "AUTO-MASTER-3238"]
[Site "http://www.queenalice.com/game.php?id=1862811"]
[Date "2025.9.10"]
[Round "2"]
[White "Harry28"]
[Black "Rafale2000"]
[Result "1-0"]
[WhiteElo "2300"]
[BlackElo "1900"]

1. d4 Nf6 2. c4 c5 3. dxc5 Qa5+ 4. Nc3 Nc6 5. e4 Qxc5 6. Nf3 d6 7. Be3 Qa5 8.
Qd2 Bd7 9. Nb5 Ne5 10. Qxa5 Bxb5 11. Qxb5+ 1-0

[Event "AUTO-MASTER-3238"]
[Site "http://www.queenalice.com/game.php?id=1862812"]
[Date "2025.9.10"]
[Round "2"]
[White "Rafale2000"]
[Black "Harry28"]
[Result "0-1"]
[WhiteElo "1898"]
[BlackElo "2301"]

1. e4 c6 2. d4 d5 3. Nc3 dxe4 4. Nxe4 Bf5 5. Ng3 Bg6 6. h4 h6 7. c3 Nf6 8. Bd3
Bxd3 9. Qxd3 e6 10. Nf3 Bd6 11. Ne4 Nxe4 12. Qxe4 Nd7 13. Bf4 Nf6 14. Qe3 Nd5
0-1

[Event "AUTO-OPEN-4548"]
[Site "http://www.queenalice.com/game.php?id=1863016"]
[Date "2025.9.14"]
[Round "2"]
[White "Takeda"]
[Black "Rafale2000"]
[Result "1-0"]
[WhiteElo "2000"]
[BlackElo "1971"]

1. e4 Nf6 2. Nc3 d5 3. exd5 Nxd5 4. Nxd5 Qxd5 5. Nf3 Bg4 6. Be2 Nc6 7. O-O e6 8.
b3 O-O-O 9. d3 Bd6 10. Bb2 Qh5 11. h3 f5 12. d4 Rdf8 13. hxg4 fxg4 14. Ne5 Nxe5
15. dxe5 Bxe5 16. Bxe5 Qxe5 17. Bxg4 h5 18. Re1 Qf4 19. Bxe6+ Kb8 20. Re2 h4 21.
Bh3 g5 22. Qd7 Rd8 23. Qg4 Qf6 24. Rae1 Rhf8 25. Qe6 Qd4 26. Qe5 Qxe5 27. Rxe5
c6 28. R1e2 Rf4 29. Rxg5 Kc7 30. Rg4 Rxg4 31. Bxg4 Rg8 32. Bh3 Kb6 33. f4 Rg7
34. f5 Kc5 35. c3 a5 36. a4 Kd5 37. f6 Rf7 38. Be6+ 1-0

[Event "AUTO-OPEN-4548"]
[Site "http://www.queenalice.com/game.php?id=1863017"]
[Date "2025.9.14"]
[Round "2"]
[White "Rafale2000"]
[Black "Takeda"]
[Result "0-1"]
[WhiteElo "1956"]
[BlackElo "2015"]

1. e4 g6 2. d4 Bg7 3. Nc3 d6 4. g3 Nf6 5. Bg2 O-O 6. f4 Bg4 7. Bf3 Bxf3 8. Nxf3
Nbd7 9. O-O c5 10. dxc5 Nxc5 11. e5 dxe5 12. fxe5 Ng4 13. Qxd8 Rfxd8 14. h3 Nxe5
15. Nxe5 Bxe5 16. Bf4 Bxc3 17. bxc3 Rac8 18. Rfe1 e6 19. Rab1 b6 20. Kf1 f6 21.
Rb4 e5 22. Bc1 Rd5 23. a4 Na6 24. Rb3 Rc4 25. Re3 Rxa4 26. g4 Nc5 27. Rb4 Ra2
28. Rb2 Rxb2 29. Bxb2 Na4 30. Ba3 Rd2 31. Rd3 Rxd3 32. cxd3 Nxc3 33. Kf2 Kf7 34.
Ke3 Ke6 35. Bc1 Kd5 36. Ba3 f5 37. gxf5 gxf5 38. Bb2 Nd1+ 0-1

[Event "AUTO-ADV-4895"]
[Site "http://www.queenalice.com/game.php?id=1863564"]
[Date "2025.9.29"]
[Round "1"]
[White "Capixaba789"]
[Black "Rafale2000"]
[Result "1-0"]
[WhiteElo "1799"]
[BlackElo "1952"]

1. d4 Nf6 2. Nc3 d5 3. f4 Ne4 4. Nf3 Nxc3 5. bxc3 Bf5 6. a4 e6 7. e3 Nd7 8. Bd3
Bxd3 9. cxd3 Bd6 10. O-O O-O 11. Ba3 Qe7 12. Bxd6 cxd6 13. e4 Nf6 14. e5 dxe5
15. fxe5 Ng4 16. Qe1 f5 17. a5 Rfc8 18. a6 b6 19. Qd2 Rc6 20. Rfc1 Rac8 21. h3
Nh6 22. Rc2 Qa3 23. Rxa3 1-0

[Event "AUTO-ADV-4895"]
[Site "http://www.queenalice.com/game.php?id=1863565"]
[Date "2025.9.29"]
[Round "1"]
[White "Rafale2000"]
[Black "Capixaba789"]
[Result "1-0"]
[WhiteElo "1959"]
[BlackElo "1850"]

1. e4 e5 2. Nf3 d6 3. d4 f5 4. dxe5 Nc6 5. Bg5 Be7 6. Bxe7 Ngxe7 7. exf5 Nxf5 8.
Nc3 O-O 9. Be2 dxe5 10. Qd5+ Kh8 11. Nxe5 Nxe5 12. Qxe5 Bd7 13. O-O-O Qc8 14. h4
Bc6 15. Rh2 a5 16. Bf3 Re8 17. Qf4 Nd6 18. Rh3 Bd7 19. Rg3 Qd8 20. Qg5 Qxg5+ 21.
Rxg5 Rab8 22. b3 b5 23. a4 bxa4 24. bxa4 Rb4 25. Rxa5 Be6 26. Bc6 Reb8 27. Re1
Bf5 28. Ra8 Rxa8 29. Bxa8 h6 30. Nb5 Rxa4 31. Nxd6 cxd6 32. g3 Rc4 33. Re2 Ra4
34. Bc6 Ra1+ 35. Kd2 Ra2 36. Kc3 Ra5 37. Re8+ Kh7 38. Be4 Bxe4 39. Rxe4 Rc5+ 40.
Kd2 Kg6 41. Re6+ 1-0

[Event "AUTO-ADV-4895"]
[Site "http://www.queenalice.com/game.php?id=1863574"]
[Date "2025.9.29"]
[Round "1"]
[White "Rafale2000"]
[Black "askasl159"]
[Result "1-0"]
[WhiteElo "1930"]
[BlackElo "1705"]

1. e4 e5 2. Nf3 Nc6 3. d4 exd4 4. Bc4 h6 5. Nxd4 Nge7 6. Nc3 Nxd4 7. Qxd4 Nc6 8.
Qd5 Qe7 9. Nb5 d6 10. Bf4 Be6 11. Qd3 a6 12. Bxe6 fxe6 13. Nc3 e5 14. Be3 O-O-O
15. Nd5 Qf7 16. O-O-O Ne7 17. f4 Nc6 18. fxe5 dxe5 19. Rhf1 Qe6 20. Qb3 Na5 21.
Qd3 Bd6 22. Rf2 1-0

[Event "AUTO-ADV-4895"]
[Site "http://www.queenalice.com/game.php?id=1863575"]
[Date "2025.9.29"]
[Round "1"]
[White "askasl159"]
[Black "Rafale2000"]
[Result "0-1"]
[WhiteElo "1527"]
[BlackElo "1937"]

1. e4 Nf6 2. e5 Nd5 3. Bc4 e6 4. Bxd5 exd5 5. Nf3 d6 6. d4 Nc6 7. O-O Bg4 8. Be3
dxe5 9. h3 exd4 10. Bf4 Bh5 11. Qd3 Bg6 12. Re1+ Be7 13. Qd2 O-O 14. c3 Re8 15.
cxd4 Qd7 16. Nc3 Bf6 17. Ne5 Nxe5 18. Bxe5 Bxe5 19. Rxe5 Rxe5 20. dxe5 d4 21.
Rd1 c5 22. Re1 Rd8 23. Ne4 b6 24. Nd6 f6 0-1